| 000 | 00480nam a2200193Ia 4500 | ||
|---|---|---|---|
| 008 | 170918s9999 xx 000 0 und d | ||
| 020 | _a9780545474368 | ||
| 050 | _bW366 2011 | ||
| 100 | _aWebb, Holly | ||
| 245 | _aWhiskers the lonely kitten / | ||
| 245 | _cby Holly Webb ; illustrated by Sophy Williams. | ||
| 260 | _aNew York : | ||
| 260 | _bScholastic, | ||
| 260 | _c2011 | ||
| 300 | _a122 pages : | ||
| 300 | _billustrations ; | ||
| 300 | _c19cm. | ||
| 500 | _a700 | ||
| 999 |
_c344214 _d344214 |
||